Представление документа в формате RUSMARC

ПолеНазваниеЗначение
  Тип записи a
  Библиографический уровень m
001 Контрольный номер Book/15170
005 Дата корректировки 20231114130528.1
090 Данные записи __
a Состояние записи Полное
b Тип записи Книги
c Язык записи Русский
d Отрасль знаний (КСУ) Общ.-полит.
e Секретность Несекретно
g Вид записи Общая часть многотомника
100 Данные общей обработки __
a Данные общей обработки 20120207d y0rusy50 ca
101 Язык документа 0_
a Язык текста rus
102 Страна публикации __
a Страна публикации RU
105 Кодированные данные (монография) __
a Кодированные данные (монография) 00 y
200 Заглавие и сведения об ответственности 1_
a Заглавие Гражданское право
b Общее обозначение материала Текст
e Сведения, относящиеся к заглавию учебник
g Последующие сведения об ответственности под ред. В. П. Камышанского, Н. М. Коршунова, В. И. Иванова
205 Сведения об издании __
a Основные сведения об издании 2-е изд., перераб. и доп.
210 Выходные данные __
a Место издания Москва
c Издательство ЭКСМО
d Дата издания 2011
215 Физическое описание __
d Формат -.
225 Серия 1_
a Серия Российское юридическое образование
686 Индексы других классификаций __
a Классификационный индекс 67.404я73
2 Код системы rubbk
801 Источник записи _0
a Страна RU
b Организация МБУК ЦБС г. Ульяновска
c Дата составления 20120207
801 Источник записи _1
a Страна RU
b Организация МБУК ЦБС г. Ульяновска
c Дата составления 20120207